[Event "Cto Equipos Aragon 2013 Pref. Descenso"]
[Site "Aragon"]
[Date "2013.04.06"]
[Round "10.37"]
[White "Cantin Zaborras, Valentin"]
[Black "Delgado Crespo, Mairelys"]
[Result "0-1"]
[WhiteElo "2123"]
[BlackElo "2249"]
[PlyCount "102"]
[EventDate "2013.??.??"]
[EventType "tourn"]
[EventRounds "4"]
[EventCountry "ESP"]
[WhiteTeam "Ramiro B"]
[BlackTeam "Jaime Casas B"]

1. e4 e6 2. d4 d5 3. Nd2 a6 4. c3 c5 5. Ngf3 cxd4 6. cxd4 Nc6 7. Bd3 dxe4 8.
Nxe4 Bb4+ 9. Nc3 Nf6 10. O-O O-O 11. Bg5 Be7 12. a3 h6 13. Be3 Nd5 14. Bc2 f5
15. Re1 Bf6 16. Nxd5 Qxd5 17. Bb3 Qd6 18. d5 exd5 19. Qxd5+ Qxd5 20. Bxd5+ Kh7
21. Rab1 Re8 22. b4 Be6 23. Red1 Rad8 24. Bxe6 Rxd1+ 25. Rxd1 Rxe6 26. g3 Bb2
27. Rd3 Ne5 28. Nxe5 Bxe5 29. a4 Rd6 30. Rxd6 Bxd6 31. Bd2 Kg6 32. Kf1 Kf7 33.
Ke2 Ke6 34. Kd3 Kd5 35. h3 b5 36. axb5 axb5 37. g4 fxg4 38. hxg4 Bf8 39. f3 g6
40. Be1 h5 41. gxh5 gxh5 42. Kc3 Be7 43. Bg3 h4 44. Bh2 h3 45. Kd3 Bxb4 46. f4
Bd6 47. Bg3 b4 48. Bh2 Bc5 49. Kc2 Ke4 50. Kb3 Kf3 51. f5 Kg2 0-1

[Event "Cto Equipos Aragon 2013 Pref. Descenso"]
[Site "Aragon"]
[Date "2013.04.06"]
[Round "10.38"]
[White "Maza Broto, Pablo"]
[Black "Valiente Roy, Jose Javier"]
[Result "1-0"]
[WhiteElo "2037"]
[BlackElo "2031"]
[PlyCount "55"]
[EventDate "2013.??.??"]
[EventType "tourn"]
[EventRounds "4"]
[EventCountry "ESP"]
[WhiteTeam "Jaime Casas B"]
[BlackTeam "Ramiro B"]

1. d4 d6 2. Nf3 g6 3. e4 Bg7 4. h3 Nf6 5. Nc3 a6 6. a4 b6 7. Bc4 e6 8. Bg5 Bb7
9. Qe2 Qc8 10. O-O O-O 11. Rad1 h6 12. Bxf6 Bxf6 13. e5 Bg7 14. d5 exd5 15.
Nxd5 Bxd5 16. Rxd5 Re8 17. Qd3 dxe5 18. Nxe5 Bxe5 19. Rxe5 Kg7 20. Rxe8 Qxe8
21. Qc3+ Kh7 22. Re1 Qf8 23. Qf3 Ra7 24. Bxf7 c5 25. Bxg6+ Kg7 26. Qxf8+ Kxf8
27. Re8+ Kg7 28. Rxb8 1-0

[Event "Cto Equipos Aragon 2013 Pref. Descenso"]
[Site "Aragon"]
[Date "2013.04.06"]
[Round "10.40"]
[White "Buil Rello, Jose Antonio"]
[Black "Pueyo Marina, Gerardo"]
[Result "1/2-1/2"]
[WhiteElo "1982"]
[BlackElo "1939"]
[PlyCount "69"]
[EventDate "2013.??.??"]
[EventType "tourn"]
[EventRounds "4"]
[EventCountry "ESP"]
[WhiteTeam "Jaime Casas B"]
[BlackTeam "Ramiro B"]

1. e4 c6 2. d4 g6 3. c4 d6 4. Nc3 Bg7 5. Be3 Nf6 6. f3 a6 7. Qd2 O-O 8. Bd3
Nbd7 9. Nge2 b5 10. Rc1 Bb7 11. O-O e5 12. Rfd1 bxc4 13. Bxc4 d5 14. exd5 cxd5
15. dxe5 Nxe5 16. Nxd5 Nxc4 17. Nxf6+ Qxf6 18. Rxc4 Qe6 19. Rc2 h5 20. b3 Rfe8
21. Bf2 Rad8 22. Qe1 Bc6 23. Rxd8 Rxd8 24. Ng3 Qd7 25. Bb6 Bd4+ 26. Bxd4 Qxd4+
27. Rf2 Bb5 28. h3 h4 29. Ne4 f5 30. Ng5 Re8 31. Qc1 Re2 32. Qc8+ Re8 33. Qc1
Re2 34. Qc8+ Re8 35. Qc1 1/2-1/2

[Event "Cto Equipos Aragon 2013 Pref. Descenso"]
[Site "Aragon"]
[Date "2013.04.06"]
[Round "10.41"]
[White "Soriano Ascaso, Ignacio"]
[Black "Lopez Guaita, Fernando"]
[Result "1-0"]
[WhiteElo "2131"]
[BlackElo "2027"]
[PlyCount "132"]
[EventDate "2013.??.??"]
[EventType "tourn"]
[EventRounds "4"]
[EventCountry "ESP"]
[WhiteTeam "Sabiñanigo"]
[BlackTeam "ONCE C.A. Aragon B"]

1. b4 e5 2. Bb2 d6 3. e3 Nf6 4. c4 Be7 5. d4 O-O 6. Nf3 e4 7. Nfd2 d5 8. a3 c6
9. Nc3 Be6 10. Be2 Ne8 11. Nb3 b6 12. c5 f5 13. g3 Nf6 14. Qc2 Ng4 15. h3 Nf6
16. a4 Nbd7 17. a5 b5 18. O-O-O a6 19. Rdg1 Ra7 20. Bd1 g6 21. Ne2 Qe8 22. Nf4
Bd8 23. g4 fxg4 24. hxg4 Qf7 25. Kb1 Ne8 26. Rg2 Bg5 27. Bc1 Bd8 28. Bd2 Ndf6
29. Be2 g5 30. Nh5 Qg6 31. Qd1 Nxh5 32. gxh5 Qg7 33. Nc1 h6 34. Kb2 Raf7 35.
Qg1 Kh7 36. Be1 Rf5 37. Nb3 R5f7 38. Nd2 Rf5 39. Bd1 Qd7 40. Bc2 Kh8 41. Nf1
R5f6 42. Nh2 Bc7 43. Ng4 Bxg4 44. Rxg4 R6f7 45. Bd1 Nf6 46. Rg2 Qf5 47. Bd2 Qe6
48. Be1 Qf5 49. Bd2 Qe6 50. Kc3 Qf5 51. Be1 Qe6 52. Qf1 Qf5 53. Qe2 Qe6 54. Kb2
Qf5 55. Rgg1 Qe6 56. Bc2 Qd7 57. Bb1 Nh7 58. Bc2 Nf6 59. Bd1 Nh7 60. Rf1 Qe6
61. Qg4 Qxg4 62. Bxg4 Nf6 63. Bf5 Kg7 64. Bg6 Re7 65. Rhg1 Ng8 66. f4 Rd7 1-0

[Event "Cto Equipos Aragon 2013 Pref. Descenso"]
[Site "Aragon"]
[Date "2013.04.06"]
[Round "10.42"]
[White "Sanz Lopez, Ruben"]
[Black "Ainsa Claver, Ignacio"]
[Result "1-0"]
[WhiteElo "1932"]
[BlackElo "1974"]
[PlyCount "87"]
[EventDate "2013.??.??"]
[EventType "tourn"]
[EventRounds "4"]
[EventCountry "ESP"]
[WhiteTeam "ONCE C.A. Aragon B"]
[BlackTeam "Sabiñanigo"]

1. d4 d5 2. Nf3 Nf6 3. e3 Bg4 4. h3 Bh5 5. g4 Bg6 6. Ne5 Nbd7 7. h4 h6 8. Nxg6
fxg6 9. Bd3 Nb6 10. Bxg6+ Kd7 11. Nd2 e6 12. f4 c6 13. Qe2 Bd6 14. b3 Kc7 15.
Bb2 Nbd7 16. O-O-O Rc8 17. c4 Kb8 18. c5 Bc7 19. b4 b5 20. g5 Ng8 21. Qg4 Qe7
22. Bc3 Nf8 23. Bd3 h5 24. Qe2 g6 25. Kc2 Qe8 26. a4 a6 27. axb5 cxb5 28. Ra1
Qc6 29. Qf3 Rh7 30. Nb3 Rf7 31. Na5 Bxa5 32. Rxa5 Rcc7 33. Rha1 Ra7 34. e4 Rfc7
35. Bd2 Ka8 36. f5 Rf7 37. f6 Kb8 38. Bf4+ Kc8 39. Bd6 Nh7 40. exd5 Qxd5 41.
Qxd5 exd5 42. Bxg6 Rxf6 43. gxf6 Nhxf6 44. Rxa6 1-0

[Event "Cto Equipos Aragon 2013 Pref. Descenso"]
[Site "Aragon"]
[Date "2013.04.06"]
[Round "10.43"]
[White "Garcia Estruch, Jorge"]
[Black "Landa Garriga, Francisco Javier"]
[Result "0-1"]
[WhiteElo "1796"]
[BlackElo "1900"]
[PlyCount "58"]
[EventDate "2013.??.??"]
[EventType "tourn"]
[EventRounds "4"]
[EventCountry "ESP"]
[WhiteTeam "Sabiñanigo"]
[BlackTeam "ONCE C.A. Aragon B"]

1. e4 e5 2. Nf3 Nc6 3. Bb5 a6 4. Ba4 Nf6 5. d4 exd4 6. e5 Ne4 7. O-O Nc5 8. Bb3
Nxb3 9. axb3 Bc5 10. Bg5 Be7 11. Bf4 O-O 12. Nxd4 f6 13. Nxc6 dxc6 14. Qe2 fxe5
15. Bxe5 Bf6 16. Bxf6 Qxf6 17. Nc3 Bf5 18. Rfe1 a5 19. Nd1 b6 20. Ne3 Bg6 21.
c3 Rad8 22. Rad1 Rxd1 23. Rxd1 Bh5 24. f3 Qe7 25. Qc4+ Bf7 26. Qd4 Bxb3 27. Rd2
Re8 28. Re2 Qd6 29. Nf5 Qxd4+ 0-1

[Event "Cto Equipos Aragon 2013 Pref. Descenso"]
[Site "Aragon"]
[Date "2013.04.06"]
[Round "10.44"]
[White "Gimeno Diaz, Fernando"]
[Black "Paño Pinilla, Ernesto"]
[Result "0-1"]
[WhiteElo "1891"]
[BlackElo "1565"]
[PlyCount "52"]
[EventDate "2013.??.??"]
[EventType "tourn"]
[EventRounds "4"]
[EventCountry "ESP"]
[WhiteTeam "ONCE C.A. Aragon B"]
[BlackTeam "Sabiñanigo"]

1. d4 Nf6 2. Nf3 g6 3. c4 c5 4. g3 Bg7 5. Bg2 O-O 6. O-O d6 7. Nc3 Nbd7 8. d5
a6 9. a4 Ng4 10. Qb3 Nge5 11. a5 b5 12. Nxe5 Nxe5 13. cxb5 axb5 14. Qxb5 Ba6
15. Qb3 Qc7 16. Ra4 Rfb8 17. Qa2 Rb4 18. Re1 Rab8 19. Rxb4 Rxb4 20. Ne4 Nc4 21.
b3 Qxa5 22. Qxa5 Nxa5 23. Bd2 Rb5 24. Bg5 Kf8 25. Nd2 Nxb3 26. Nxb3 Rxb3 0-1

[Event "Cto Equipos Aragon 2013 DH Titulo"]
[Site "?"]
[Date "2013.04.07"]
[Round "11.1"]
[White "Adla, Diego Gustavo"]
[Black "Forcen Esteban, Daniel"]
[Result "1/2-1/2"]
[WhiteElo "2498"]
[BlackElo "2467"]
[PlyCount "107"]
[EventDate "2013.??.??"]
[EventType "tourn"]
[EventRounds "4"]
[WhiteTeam "St Casablanca"]
[BlackTeam "Ibercaja"]

1. e4 c5 2. Nf3 g6 3. c4 Bg7 4. d4 cxd4 5. Nxd4 d6 6. Be2 Nf6 7. Nc3 O-O 8. O-O
Nc6 9. Nc2 Nd7 10. Bd2 a5 11. Be3 a4 12. Qd2 Qa5 13. Rab1 Nc5 14. f3 f5 15.
exf5 Bxf5 16. Rbc1 Ne6 17. Na3 Ned4 18. Rfd1 Nxe2+ 19. Qxe2 Qe5 20. Rd2 h5 21.
Nab5 h4 22. h3 Qg3 23. Bf2 Qg5 24. Be3 Qg3 25. Bf2 Qg5 26. Be3 Qh5 27. Rf1 Rf7
28. Nd1 Rc8 29. Nf2 Na5 30. Na3 Bh6 31. Bxh6 Qxh6 32. Rd5 b6 33. Rb5 Rc5 34.
Ne4 Rxb5 35. Nxb5 Qf4 36. Nbc3 Qe5 37. Rd1 Be6 38. Nd5 b5 39. f4 Qh5 40. Nxe7+
Kf8 41. Qxh5 gxh5 42. Ng6+ Kg7 43. Nxh4 Rxf4 44. Ng5 Kf6 45. Nhf3 Nxc4 46. b3
axb3 47. axb3 Ne5 48. Rxd6 Nxf3+ 49. Nxf3 Rb4 50. Ng5 Kxg5 51. Rxe6 Rxb3 52.
Re5+ Kg6 53. h4 Rb4 54. Rg5+ 1/2-1/2

[Event "Cto Equipos Aragon 2013 DH Titulo"]
[Site "?"]
[Date "2013.04.07"]
[Round "11.2"]
[White "Baron Rodriguez, Jesus"]
[Black "Glavina Rossi, Pablo"]
[Result "1/2-1/2"]
[WhiteElo "2438"]
[BlackElo "2445"]
[PlyCount "118"]
[EventDate "2013.??.??"]
[EventType "tourn"]
[EventRounds "4"]
[WhiteTeam "Ibercaja"]
[BlackTeam "St Casablanca"]

1. e4 e5 2. Nf3 Nc6 3. Bb5 a6 4. Ba4 Nf6 5. Qe2 b5 6. Bb3 Bc5 7. d3 d6 8. c3
Rb8 9. Nbd2 O-O 10. h3 Ne7 11. Nh4 Bb6 12. Nf1 Nd7 13. Ng3 Nc5 14. Bc2 Ne6 15.
Be3 Nf4 16. Bxf4 exf4 17. Nh5 Ng6 18. Nf3 f5 19. O-O-O fxe4 20. Bb3+ Kh8 21.
dxe4 Qe7 22. Rhe1 Bb7 23. h4 Bc8 24. Ng5 Ne5 25. Qd2 Bg4 26. Nxf4 Rxf4 27. Qxf4
Rf8 28. Qd2 Bxf2 29. Rf1 Bxd1 30. Qxd1 Bxh4 31. Nf3 Bf6 32. Rh1 g6 33. Qe2 Nxf3
34. gxf3 Qe5 35. Kb1 a5 36. Qh2 Qxh2 37. Rxh2 Be5 38. Rh3 a4 39. Bd5 a3 40.
bxa3 Bxc3 41. Kc2 Bd4 42. Bc6 Rb8 43. Rh1 Rb6 44. Be8 Kg7 45. Kd3 Bc5 46. a4
bxa4 47. Bxa4 Rb2 48. Bb3 Rf2 49. Rh3 h5 50. a4 Kf6 51. a5 Ke5 52. a6 Rf1 53.
Bf7 Kf6 54. Be8 Ra1 55. Bb5 Ra3+ 56. Kc4 Ba7 57. Kb4 Bc5+ 58. Kc4 Ba7 59. Kb4
Bc5+ 1/2-1/2

[Event "Cto Equipos Aragon 2013 DH Titulo"]
[Site "?"]
[Date "2013.04.07"]
[Round "11.3"]
[White "Lopez Gracia, Fernando"]
[Black "Gines Abad, Pedro"]
[Result "1-0"]
[WhiteElo "2368"]
[BlackElo "2088"]
[PlyCount "101"]
[EventDate "2013.??.??"]
[EventType "tourn"]
[EventRounds "4"]
[WhiteTeam "St Casablanca"]
[BlackTeam "Ibercaja"]

1. c4 Nf6 2. g3 e6 3. Bg2 d5 4. Nf3 Be7 5. O-O O-O 6. d4 dxc4 7. Qc2 a6 8. Qxc4
b5 9. Qc2 Bb7 10. Bg5 Nbd7 11. Bxf6 Nxf6 12. Nbd2 Rc8 13. Nb3 Be4 14. Qc3 Nd5
15. Qd2 Nb6 16. Rfc1 Na4 17. Qa5 c6 18. Ne5 Bxg2 19. Kxg2 Qxa5 20. Nxa5 Nxb2
21. Naxc6 Bd6 22. Rab1 Nc4 23. Nxc4 Rxc6 24. Nxd6 Rxd6 25. e3 Rfd8 26. Rc7 Kf8
27. Rbc1 R8d7 28. Rc8+ Ke7 29. Ra8 Rb6 30. Rc5 Rdb7 31. h4 Kf6 32. Kf3 Ke7 33.
h5 h6 34. g4 f6 35. Ke4 Kd7 36. f4 Rb8 37. Ra7+ R8b7 38. Rxb7+ Rxb7 39. f5 Rb6
40. Kd3 exf5 41. gxf5 Rc6 42. Rxc6 Kxc6 43. e4 Kd6 44. Kc3 a5 45. Kd3 Ke7 46.
e5 g5 47. hxg6 h5 48. e6 Kf8 49. d5 h4 50. d6 h3 51. e7+ 1-0

[Event "Cto Equipos Aragon 2013 DH Titulo"]
[Site "?"]
[Date "2013.04.07"]
[Round "11.4"]
[White "Castillo Sanjuan, Daniel"]
[Black "Quintin Navarro, Alberto"]
[Result "0-1"]
[WhiteElo "2017"]
[BlackElo "2220"]
[PlyCount "100"]
[EventDate "2013.??.??"]
[EventType "tourn"]
[EventRounds "4"]
[WhiteTeam "Ibercaja"]
[BlackTeam "St Casablanca"]

1. e4 c5 2. Nf3 d6 3. d4 Nf6 4. Nc3 cxd4 5. Nxd4 a6 6. a4 e5 7. Nb3 Be6 8. Bg5
Nbd7 9. Be2 Be7 10. O-O Rc8 11. f3 O-O 12. Kh1 Nb6 13. a5 Nc4 14. Bxc4 Bxc4 15.
Bxf6 Bxf6 16. Rf2 Bg5 17. Nd5 Re8 18. g3 h5 19. h4 Bh6 20. Nb6 Bxb3 21. cxb3
Be3 22. Nxc8 Bxf2 23. Nxd6 Bxg3 24. Nf5 Bxh4 25. Qxd8 Bxd8 26. b4 Be7 27. Rd1
g6 28. Nxe7+ Rxe7 29. Kg2 Rc7 30. b3 Kg7 31. Kg3 g5 32. Rd5 f6 33. b5 axb5 34.
Rxb5 Kg6 35. Rb6 h4+ 36. Kg4 Rf7 37. b4 Rh7 38. Kh3 Rf7 39. Kg4 Rh7 40. Kh3 Rd7
41. b5 Rd3 42. Rxb7 Rxf3+ 43. Kg2 Ra3 44. a6 g4 45. Rb8 Ra2+ 46. Kg1 Ra1+ 47.
Kh2 g3+ 48. Kh3 Kg5 49. Rf8 Ra2 50. Rg8+ Kf4 0-1

[Event "Cto Equipos Aragon 2013 DH Titulo"]
[Site "?"]
[Date "2013.04.07"]
[Round "11.5"]
[White "Del Rey, Diego"]
[Black "Garza Marco, Sergio"]
[Result "0-1"]
[WhiteElo "2383"]
[BlackElo "2438"]
[PlyCount "96"]
[EventDate "2013.??.??"]
[EventType "tourn"]
[EventRounds "4"]
[WhiteTeam "El Olivar"]
[BlackTeam "Jaime Casas"]

1. e4 c5 2. Nf3 g6 3. d4 cxd4 4. Nxd4 Nf6 5. Nc3 d6 6. g3 Bg7 7. Bg2 O-O 8. h3
Nc6 9. Nde2 Rb8 10. O-O b5 11. Be3 a5 12. Nd4 Nxd4 13. Bxd4 Bb7 14. Nd5 Nd7 15.
Bxg7 Kxg7 16. Re1 e6 17. Qd4+ e5 18. Qd2 Bxd5 19. Qxd5 Rb6 20. a3 Qc7 21. Qd2
Rc6 22. Rac1 Rb8 23. Bf1 b4 24. axb4 axb4 25. b3 Rc3 26. Re3 Rxe3 27. Qxe3 Qc5
28. Qe1 Rc8 29. Bc4 Nb6 30. c3 bxc3 31. Qxc3 Qa3 32. Qd2 Rc7 33. Kg2 Qc5 34.
Qd3 Qb4 35. Rc2 Rc6 36. Qc3 Qxc3 37. Rxc3 Nxc4 38. bxc4 f5 39. Kf3 Kf6 40. Ke3
Ra6 41. c5 Rc6 42. exf5 Kxf5 43. Rd3 dxc5 44. Rd8 c4 45. g4+ Kg5 46. Kd2 Kh4
47. Rd7 c3+ 48. Kc2 Kxh3 0-1

[Event "Cto Equipos Aragon 2013 DH Titulo"]
[Site "?"]
[Date "2013.04.07"]
[Round "11.6"]
[White "Antoli Royo, Joaquin Miguel"]
[Black "Chueca Forcen, Alberto"]
[Result "1/2-1/2"]
[WhiteElo "2412"]
[BlackElo "2310"]
[PlyCount "128"]
[EventDate "2013.??.??"]
[EventType "tourn"]
[EventRounds "4"]
[WhiteTeam "Jaime Casas"]
[BlackTeam "El Olivar"]

1. c4 b6 2. Nc3 Bb7 3. e4 e6 4. a3 f5 5. exf5 Qg5 6. fxe6 Bxg2 7. d4 Qg6 8.
Bxg2 Qxg2 9. Qf3 Qxf3 10. exd7+ Nxd7 11. Nxf3 O-O-O 12. Bf4 Ngf6 13. O-O-O a6
14. Rhe1 h6 15. Ne5 Nxe5 16. dxe5 Rxd1+ 17. Kxd1 Nh5 18. Be3 g5 19. Nd5 Bg7 20.
Bd2 Re8 21. Bc3 b5 22. Re4 bxc4 23. Kc2 c6 24. Rxc4 Kd7 25. Nb6+ Kc7 26. Nd5+
Kd7 27. Nb6+ Kc7 28. Na4 Nf4 29. Ba5+ Kb7 30. Nc5+ Ka7 31. e6 Bf8 32. Bc3 Bxc5
33. Rxc5 Rxe6 34. Rf5 c5 35. h4 Re2+ 36. Kb3 Rxf2 37. hxg5 hxg5 38. Rxg5 Nd3
39. Rd5 Rf4 40. Bd2 Rd4 41. Rg5 Kb6 42. Rg3 Ne5 43. Bc3 Re4 44. Rg8 c4+ 45. Ka4
Nd3 46. Rg6+ Kb7 47. Ka5 Nc5 48. Rb6+ Ka7 49. Rc6 Nb3+ 50. Kb4 Kb7 51. Rxc4
Rxc4+ 52. Kxc4 Nc1 53. Be5 Kc6 54. b4 Ne2 55. Kd3 Ng1 56. Ke3 Kb5 57. Bd6 Nh3
58. Be7 Ng1 59. Kf2 Nh3+ 60. Kg3 Ng1 61. Kf2 Nh3+ 62. Ke3 Ng1 63. Bc5 Nh3 64.
Be7 Ng1 1/2-1/2

[Event "Cto Equipos Aragon 2013 DH Titulo"]
[Site "?"]
[Date "2013.04.07"]
[Round "11.7"]
[White "Hernando Garcia, Antonio"]
[Black "Ramiro Ovejero, Juan Luis"]
[Result "1-0"]
[WhiteElo "2173"]
[BlackElo "2362"]
[PlyCount "119"]
[EventDate "2013.??.??"]
[EventType "tourn"]
[EventRounds "4"]
[WhiteTeam "El Olivar"]
[BlackTeam "Jaime Casas"]

1. c4 e5 2. g3 Nf6 3. Bg2 h6 4. Nc3 Bb4 5. d3 O-O 6. Bd2 Re8 7. Nf3 c6 8. O-O
Bf8 9. Qc2 d5 10. cxd5 cxd5 11. d4 e4 12. Ne5 Qb6 13. e3 Nbd7 14. Nxd7 Bxd7 15.
Qb3 Qe6 16. Nb5 Bxb5 17. Qxb5 h5 18. Rfc1 h4 19. Bb4 a6 20. Qa4 Nh7 21. Bxf8
Rxf8 22. Rc7 Ng5 23. Qd7 h3 24. Bf1 Rad8 25. Qxe6 fxe6 26. Rac1 Rf6 27. Rc8
Rxc8 28. Rxc8+ Kh7 29. Be2 Kg6 30. Bg4 Nf3+ 31. Bxf3 exf3 32. Kf1 Kf5 33. Ke1
e5 34. dxe5 Kxe5 35. Kd2 a5 36. Re8+ Kf5 37. Rh8 Rb6 38. Kc2 g5 39. Ra8 Rb5 40.
b3 b6 41. Rf8+ Kg4 42. a4 Rc5+ 43. Kd2 b5 44. axb5 Rxb5 45. Kc2 a4 46. bxa4 Rb4
47. Ra8 d4 48. exd4 Rxd4 49. a5 Re4 50. a6 Re2+ 51. Kb3 Re1 52. Rc8 Rb1+ 53.
Ka2 Rb6 54. Rc4+ Kf5 55. Ra4 Rb8 56. a7 Ra8 57. Kb3 Ke5 58. Kc4 Kd6 59. Kb5 Kc7
60. Ka6 1-0

 Ra1 54. Ra8 1-0

[Event "Cto Equipos Aragon 2013 DH Titulo"]
[Site "?"]
[Date "2013.04.07"]
[Round "11.8"]
[White "Fontana Sotomayor, Luis Javier"]
[Black "Melendez Fierro, Juan Bautista"]
[Result "0-1"]
[WhiteElo "2315"]
[BlackElo "2172"]
[PlyCount "74"]
[EventDate "2013.??.??"]
[EventType "tourn"]
[EventRounds "4"]
[WhiteTeam "Jaime Casas"]
[BlackTeam "El Olivar"]

1. d4 e6 2. Nf3 f5 3. g3 Nf6 4. Bg2 d5 5. O-O Bd6 6. c4 c6 7. b3 O-O 8. Bb2 b6
9. Qc2 Qe7 10. Ne5 Bd7 11. Nc3 Na6 12. a3 Rac8 13. e3 Ne4 14. b4 Rfd8 15. Ne2
Be8 16. f3 Nf6 17. Rfd1 Nb8 18. c5 Bxe5 19. dxe5 Nfd7 20. Bd4 bxc5 21. bxc5 Na6
22. Rdc1 Rb8 23. Nf4 Nc7 24. Nd3 Rb7 25. Nb4 Nf8 26. Bf1 Rdb8 27. Ba6 Nxa6 28.
Nxa6 Rc8 29. Rab1 f4 30. gxf4 Bg6 31. e4 dxe4 32. fxe4 Rxb1 33. Rxb1 Qh4 34.
Qf2 Qg4+ 35. Qg2 Qxg2+ 36. Kxg2 Bxe4+ 37. Kf2 Bxb1 0-1

[Event "Cto Equipos Aragon 2013 DH Titulo"]
[Site "?"]
[Date "2013.04.07"]
[Round "11.9"]
[White "Cifuentes Parada, Roberto"]
[Black "Lana Rodriguez, David"]
[Result "1/2-1/2"]
[WhiteElo "2473"]
[BlackElo "2300"]
[PlyCount "141"]
[EventDate "2013.??.??"]
[EventType "tourn"]
[EventRounds "4"]
[WhiteTeam "Casino Jaque"]
[BlackTeam "Helios"]

1. d4 d5 2. Nf3 Nf6 3. c4 e6 4. e3 c5 5. cxd5 exd5 6. Bb5+ Nc6 7. O-O Bd7 8.
Nc3 cxd4 9. exd4 $5 ({Más habitual es,} 9. Nxd4) 9... Be7 10. Bg5 a6 11. Bxc6
Bxc6 12. Bxf6 $1 Bxf6 13. Re1+ Kf8 ({Si} 13... Be7 14. Qe2 $14) 14. Ne5 Bxe5
15. Rxe5 Qd6 16. Qd2 $6 ({Más fuerte era,} 16. Qf3 $1 f6 17. Rae1 Kf7 18. Nxd5
$1 $16) 16... Re8 17. Rae1 f6 $1 18. Rxe8+ (18. Qf4 Kf7 19. g3 Rd8 $1 $11)
18... Bxe8 19. Ne2 Bd7 20. Nf4 Kf7 21. h4 Re8 22. Rxe8 Bxe8 23. f3 Bc6 24. Kf2
$14 g6 25. a3 h6 $6 {Un debilitamiento innecesario del flanco rey.} ({Mejor
era,} 25... Bb5) 26. Ne2 $1 g5 27. Qc2 Ke6 (27... Kg7 $2 28. Ng3 $1) 28. Qh7
Qh2 29. hxg5 Qh4+ 30. Ke3 fxg5 (30... Qxg5+ $6 31. Nf4+ Kd6 32. Qf7 $1) 31. Qc7
Qe1 32. Qg7 Qh1 (32... Qh4 33. f4 gxf4+ 34. Nxf4+ Kd6 35. Qe5+ Kd7 36. Kf3 $14)
33. f4 $2 ({Lo correcto era,} 33. Kf2 $1 Qh4+ 34. Ng3 $16) 33... Qxg2 $1 34.
Qxh6+ Kf5 $1 35. Qh7+ Kf6 36. Qh6+ Kf5 37. Qf8+ Kg4 $1 38. Qc8+ Kh4 39. Qh8+
Kg4 40. Qc8+ Kh4 41. Qh8+ Kg4 42. Qg7 Qe4+ 43. Kf2 Qf5 44. Qxg5+ Qxg5 45. fxg5
Kxg5 $11 46. Kf3 Kf5 47. Nf4 Be8 48. Ke3 Bc6 49. b4 Kf6 50. Nd3 b6 51. Kf4 Be8
52. Ne5 Ke6 53. Kg5 Ba4 54. Nd3 Bc2 55. Nf4+ Kd6 56. Kf6 Be4 57. Ne2 Bd3 58.
Nc3 Bf1 59. Kf7 Kd7 60. Na4 Kc6 61. Ke6 Kb5 $1 62. Nb2 (62. Nc3+ Kc4 63. Nxd5
Kxd4 64. Kd6 a5 65. Nxb6 axb4 66. axb4 Bg2 $11) 62... Bc4 63. Kd6 a5 64. bxa5
bxa5 65. Ke5 Bb3 66. Kf4 Bc4 67. Ke3 Bf1 68. Kd2 Bg2 69. Kc3 Bf1 70. Kb3 Be2
71. Kc3 1/2-1/2

[Event "Cto Equipos Aragon 2013 DH Titulo"]
[Site "?"]
[Date "2013.04.07"]
[Round "11.10"]
[White "Cerrajeria Ruiz, Jesus Maria"]
[Black "Accattato Martin, Mario"]
[Result "0-1"]
[WhiteElo "2155"]
[BlackElo "2174"]
[PlyCount "106"]
[EventDate "2013.??.??"]
[EventType "tourn"]
[EventRounds "4"]
[WhiteTeam "Helios"]
[BlackTeam "Casino Jaque"]

1. Nf3 d6 2. c4 e5 3. Nc3 Nf6 4. g3 Nbd7 5. Bg2 Be7 6. O-O O-O 7. d3 c6 8. Ne1
Qc7 9. Bd2 Rd8 10. b4 Nf8 11. b5 Bd7 12. a4 Ne6 13. Nc2 Nd4 14. bxc6 bxc6 15.
Nxd4 exd4 16. Ne4 Nxe4 17. Bxe4 Rab8 18. a5 a6 19. Ra2 Qb7 20. e3 d5 21. cxd5
cxd5 22. Bg2 Be6 23. exd4 Rdc8 24. Bf4 Qb3 25. Qe2 Rb5 26. Rfa1 Qc3 27. Be3
Rcb8 28. h3 Rb2 29. Rxb2 Rxb2 30. Qd1 h6 31. Qa4 Rb5 32. Rc1 Qxa5 33. Qd1 Qb6
34. Kh2 Ba3 35. Rc2 Rb1 36. Qh5 Ra1 37. f4 Qb1 38. Re2 Qxd3 39. f5 Qxf5 40.
Qxf5 Bxf5 41. Bxd5 Be6 42. Be4 Ra2 43. Bd2 Bb4 44. d5 Bd7 45. Bxb4 Rxe2+ 46.
Bg2 Rb2 47. Bc3 Rb3 48. Ba5 Rb5 49. Bc3 a5 50. Be4 a4 51. Be5 a3 52. Bc2 a2 53.
Kg2 Rb1 0-1

[Event "Cto Equipos Aragon 2013 DH Titulo"]
[Site "?"]
[Date "2013.04.07"]
[Round "11.11"]
[White "Abos Rosico, Antonio"]
[Black "Navarro Alonso, Jorge Luis"]
[Result "0-1"]
[WhiteElo "2073"]
[BlackElo "2161"]
[PlyCount "100"]
[EventDate "2013.??.??"]
[EventType "tourn"]
[EventRounds "4"]
[WhiteTeam "Casino Jaque"]
[BlackTeam "Helios"]

1. e4 c5 2. Nf3 e6 3. d4 cxd4 4. Nxd4 Nc6 5. Nc3 Qc7 6. Be3 a6 7. Be2 Nf6 8.
O-O Bb4 9. Nxc6 bxc6 10. Na4 Be7 11. c4 Nxe4 12. c5 Nf6 13. Qd2 Nd5 14. Bg5 f6
15. Bh4 Qf4 16. Qxf4 Nxf4 17. Bf3 Kf7 18. Bg3 g5 19. Rfd1 Ra7 20. b4 Bd8 21.
Nb2 Bc7 22. Nc4 Ke7 23. Rab1 a5 24. b5 cxb5 25. Nd6 Ba6 26. Rxb5 Bxb5 27. Nxb5
Bb8 28. Nxa7 Bxa7 29. c6 d5 30. Bxf4 gxf4 31. Be2 Rb8 32. Rc1 Kd6 33. Ba6 Kc7
34. Bb7 Rd8 35. Rc3 Rf8 36. Kf1 e5 37. Ke2 Rf7 38. Rh3 Kd6 39. Rb3 Bc5 40. Rb5
a4 41. Ba8 Rc7 42. Rb8 e4 43. Rd8+ Ke5 44. Rd7 Bb6 45. f3 f5 46. Bb7 d4 47.
Rxc7 Bxc7 48. Ba6 d3+ 49. Kd1 Kd4 50. Bb5 e3 0-1

[Event "Cto Equipos Aragon 2013 DH Titulo"]
[Site "?"]
[Date "2013.04.07"]
[Round "11.12"]
[White "Montes Santos, Lorenzo"]
[Black "Uldemolins Nivela, Mateo"]
[Result "1/2-1/2"]
[WhiteElo "2055"]
[BlackElo "1873"]
[PlyCount "176"]
[EventDate "2013.??.??"]
[EventType "tourn"]
[EventRounds "4"]
[WhiteTeam "Helios"]
[BlackTeam "Casino Jaque"]

1. Nf3 d5 2. c4 c6 3. g3 Nf6 4. b3 g6 5. Bb2 Bg7 6. Bg2 O-O 7. O-O Bf5 8. d3
Re8 9. Qc2 Qd6 10. Be5 Qe6 11. Qb2 Nbd7 12. Bc3 Nc5 13. Na3 Bg4 14. Rfe1 Bxf3
15. Bxf3 dxc4 16. Nxc4 Red8 17. Rad1 Ne8 18. Kg2 Bxc3 19. Qxc3 Nd6 20. e3 Nxc4
21. Qxc4 Qxc4 22. dxc4 Kf8 23. Rxd8+ Rxd8 24. Re2 e5 25. b4 Ne6 26. Rb2 f6 27.
a4 Ke7 28. Be2 b6 29. Bf3 c5 30. b5 f5 31. Ra2 e4 32. Be2 Nf8 33. a5 h6 34.
axb6 axb6 35. h4 Ke6 36. Ra7 Nd7 37. f3 Ne5 38. f4 Nd3 39. Rg7 Kf6 40. Rb7 Rd6
41. h5 Nc1 42. Kf1 Nxe2 43. Kxe2 gxh5 44. Kf1 h4 45. gxh4 Kg6 46. Rc7 Kf6 47.
h5 Rd1+ 48. Ke2 Rc1 49. Rc6+ Kg7 50. Rg6+ Kh7 51. Rxb6 Rxc4 52. Rf6 Rb4 53. b6
Kg7 54. Rxf5 Rxb6 55. Rxc5 Kf6 56. Kd2 Rd6+ 57. Kc2 Rd3 58. Rc3 Rd5 59. Rc6+
Kg7 60. Rg6+ Kh7 61. Re6 Rxh5 62. Rxe4 Kg6 63. Re8 Rh1 64. Kd3 Kf6 65. Ke4 h5
66. Rb8 h4 67. Rb6+ Ke7 68. Ke5 h3 69. Rb7+ Kd8 70. e4 h2 71. Rh7 Ke8 72. f5
Kf8 73. f6 $4 (73. Kf6 $1 Kg8 74. Rg7+ Kf8 75. Rg2 Re1 76. Rxh2 Rxe4 77. Rh8#)
73... Kg8 $11 74. Rg7+ Kf8 75. Rg2 Kf7 76. Rb2 Ra1 $1 77. Rxh2 Ra5+ 78. Kf4
Kxf6 79. Rh6+ Ke7 80. e5 Ra1 $1 81. Rh3 Ke6 82. Rh6+ Ke7 83. Rf6 Rf1+ 84. Kg5
Rxf6 85. exf6+ Kf7 86. Kf5 Kf8 $1 87. Kg5 Kf7 88. Kf5 Kf8 1/2-1/2

[Event "Cto Equipos Aragon 2013 DH Titulo"]
[Site "?"]
[Date "2013.04.07"]
[Round "11.13"]
[White "Remiro Juste, Fernando Jose"]
[Black "Martinez Catalan, Francisco Javier"]
[Result "1/2-1/2"]
[WhiteElo "2216"]
[BlackElo "2240"]
[PlyCount "34"]
[EventDate "2013.??.??"]
[EventType "tourn"]
[EventRounds "4"]
[WhiteTeam "Agrupacion"]
[BlackTeam "L`Aurora Estadilla"]

1. d4 Nc6 2. Nf3 d6 3. e4 Nf6 4. c3 g6 5. Nbd2 Bg7 6. Bd3 O-O 7. O-O e5 8. dxe5
Nxe5 9. Nxe5 dxe5 10. Nc4 Qe7 11. Bg5 h6 12. Bh4 Qe8 13. Re1 Nh5 14. f3 Be6 15.
Bf1 Qc6 16. Ne3 Bf6 17. Bf2 Rad8 1/2-1/2